| 000 | 01016nam0a22002531 4500 | ||
|---|---|---|---|
| 001 | rc\3644215 | ||
| 005 | 20130115145613.0 | ||
| 021 |
_aRU _b[73-47055] |
||
| 035 | _a(NLR Aleph) 007830861 | ||
| 090 |
_a9739250 _c9739250 |
||
| 100 | _a20130115d1973 |||y0rusy50 ca | ||
| 101 | 0 | _arus | |
| 102 | _aRU | ||
| 105 | _ay z ||||| | ||
| 200 | 1 |
_aПланирование финансов в союзной республике _eЛекция по курсу "Планирование нар. хоз-ва союзной республики, экон. р-на" _fМоск. ин-т нар. хоз-ва им. Г.В. Плеханова. Кафедра планирования нар. хоз-ва |
|
| 210 |
_aМосква _cБ. и. _d1973 |
||
| 215 |
_a27 с. _d21 |
||
| 606 |
_aФинансовое планирование _yСоюзные республики _2psbo |
||
| 700 | 1 |
_aМискин _bС. Г. |
|
| 801 | 0 |
_aRU _bNLR _gpsbo |
|
| 801 | 1 |
_aRU _bELAR _2rusmarc |
|
| 852 |
_aNLR _j73-4/16481 |
||
| 942 | _cBOOK | ||
| 980 | _aNB | ||